书目信息 |
| 题名: |
地基处理
|
|
| 作者: | 龚晓南, 编著 | |
| 分册: | ||
| 出版信息: | 北京 中国建筑工业出版社 2005.07 |
|
| 页数: | 190页 | |
| 开本: | 23cm | |
| 丛书名: | ||
| 单 册: | ||
| 中图分类: | TU472 | |
| 科图分类: | ||
| 主题词: | 地基处理--di ji chu li--高等教育--教材 | |
| 电子资源: | ||
| ISBN: | 7-112-07349-9 | |
| 000 | 00872nam0 2200241 450 | |
| 001 | 012007715917 | |
| 005 | 20170220161818.47 | |
| 010 | @a7-112-07349-9@dCNY18.00 | |
| 100 | @a20070821d2005 km y0chiy0120 ea | |
| 101 | 0 | @achi |
| 102 | @aCN@b110000 | |
| 105 | @aa a 000yy | |
| 200 | 1 | @a地基处理@Adi ji chu li@f龚晓南编著@Fgong xiao nan bian zhu |
| 210 | @a北京@c中国建筑工业出版社@d2005.07 | |
| 215 | @a190页@c图@d23cm | |
| 300 | @a普通高等教育土建学科专业“十五”规划教材高校土木工程专业指导委员会规划推荐教材 | |
| 320 | @a有书目 (第189-190页)。 | |
| 330 | @a本书主要内容包括:绪论、复合地基理论概要、振密、挤密、置换、排水固结、灌入固化物、加筋、既有建筑物地基加固、纠倾和迁移等。 | |
| 606 | 0 | @a地基处理@Adi ji chu li@x高等教育@j教材 |
| 690 | @aTU472@v4 | |
| 701 | 0 | @a龚晓南,@Agong xiao nan@f1944- @4编著 |
| 801 | 0 | @aCN@c20070920 |
| 905 | @dTU472@eG393 | |
| 地基处理/龚晓南编著.-北京:中国建筑工业出版社,2005.07 |
| 190页:图;23cm |
| 普通高等教育土建学科专业“十五”规划教材高校土木工程专业指导委员会规划推荐教材 |
| ISBN 7-112-07349-9:CNY18.00 |
| 本书主要内容包括:绪论、复合地基理论概要、振密、挤密、置换、排水固结、灌入固化物、加筋、既有建筑物地基加固、纠倾和迁移等。 |
| ● |
| 相关链接 |
|
|
|
正题名:地基处理
索取号:TU472/G393
 
预约/预借
| 序号 | 登录号 | 条形码 | 馆藏地/架位号 | 状态 | 备注 |
| 1 | 1239226 | 212392267 | 土木与交通工程学院资料室/ [索取号:TU472/G393] | 在馆 | |
| 2 | 260014 | 202600140 | 土木与交通工程学院资料室/101建筑库 48排6列1层/ [索取号:TU472/G393] | 在馆 | |
| 3 | 260015 | 202600159 | 建筑库101/101建筑库 97排4列3层/ [索取号:TU472/G393] | 在馆 | |
| 4 | 260016 | 202600168 | 建筑库101/101建筑库 97排4列3层/ [索取号:TU472/G393] | 在馆 | |
| 5 | 485378 | 204853783 | 土木与交通工程学院资料室/ [索取号:TU472/G393] | 在馆 |